000 00537nam a2200181 a 4500
005 20260417141935.0
008 260309s2026##################000#0#eng##
020 _a9781858984766
_qhbk
041 _aEng
082 0 4 _a338.951 LU
100 _aLu,Ding
245 1 0 _aState Interventions and Business in China
_c/by Ding Lu and Zhimin Tang
250 _a1st ed
260 _aCheltenham:
_bEdward Elgar Publishing ltd,
_c1997.
300 _axv;152p.
_c20 cm
650 _aEconomic Development, Social Science.
942 _cENGLISH
999 _c617286
_d617286